|
|
|
|
| LEADER |
00000nam2a2200000 4500 |
| 001 |
254620 |
| 005 |
20251212130916.0 |
| 035 |
|
|
|a (RuTPU)RU\TPU\book\277108
|
| 090 |
|
|
|a 254620
|
| 100 |
|
|
|a 20140322d1989 k y0rusy50 ca
|
| 101 |
0 |
|
|a rus
|
| 102 |
|
|
|a RU
|
| 105 |
|
|
|a y g 001zy
|
| 200 |
0 |
|
|a Вып. 1
|
| 210 |
|
|
|d 1989
|
| 215 |
|
|
|a 168 с.
|
| 320 |
|
|
|a Англо-русский словарь: с. 135-166.
|
| 461 |
|
1 |
|0 (RuTPU)RU\TPU\book\279302
|y 0-0000-0000-0
|t Вычислительная техника
|o терминология
|o справочное пособие
|f под ред. Ю. П. Селиванова
|v Вып. 1
|d 1989-
|
| 606 |
1 |
|
|a Вычислительная техника
|x В целом
|2 stltpush
|3 (RuTPU)RU\TPU\subj\4023
|9 32339
|
| 610 |
1 |
|
|a термины
|
| 610 |
1 |
|
|a справочники
|
| 610 |
1 |
|
|a вычислительные машины
|
| 610 |
1 |
|
|a устройства
|
| 610 |
1 |
|
|a программные средства
|
| 610 |
1 |
|
|a телеобработка
|
| 610 |
1 |
|
|a языки программирования
|
| 610 |
1 |
|
|a базы данных
|
| 610 |
1 |
|
|a создание
|
| 675 |
|
|
|a 681.3(035)
|v 3
|
| 801 |
|
1 |
|a RU
|b 63413507
|c 20140322
|
| 801 |
|
2 |
|a RU
|b 63413507
|c 20150210
|g RCR
|
| 942 |
|
|
|c BK
|